[Event "AUTO-ADV-4845"]
[Site "http://www.queenalice.com/game.php?id=1851560"]
[Date "2025.2.4"]
[Round "1"]
[White "scarabeli"]
[Black "Zeca1955"]
[Result "1-0"]
[WhiteElo "1920"]
[BlackElo "1950"]

1. d4 d5 2. c4 b6 3. cxd5 Qxd5 4. Nc3 Qd8 5. e4 e6 6. Nf3 Bb4 7. Qa4+ Bd7 8.
Qxb4 Nc6 9. Qa3 Nge7 10. Bg5 f6 11. Be3 O-O 12. Rd1 Nb8 13. Bc4 Nbc6 14. d5 exd5
15. Nxd5 Kh8 16. Nxe7 Nxe7 17. Be6 Qe8 18. Bxd7 Qf7 19. O-O a5 20. Nd4 c5 21.
Ne6 Rg8 22. Qb3 Rab8 23. Bb5 Rbc8 24. Bc4 Qg6 25. f3 Rb8 26. Bf4 Rb7 27. Nd8 Ra7
28. Bxg8 Nxg8 29. Bb8 a4 30. Qxb6 Re7 31. Bd6 Rd7 32. Bxc5 Rxd1 33. Rxd1 h5 34.
Rd7 h4 35. Bf8 h3 36. Bxg7+ Kh7 37. Bxf6+ Kh6 38. Qe3+ Kh5 39. Rh7+ Nh6 40. Qc5+
1-0

[Event "AUTO-INT-3874"]
[Site "http://www.queenalice.com/game.php?id=1852914"]
[Date "2025.2.26"]
[Round "2"]
[White "scarabeli"]
[Black "Carlos19"]
[Result "1-0"]
[WhiteElo "1908"]
[BlackElo "1605"]

1. e4 e5 2. Nf3 Nc6 3. Bb5 d6 4. d4 Bd7 5. Bxc6 Bxc6 6. Nc3 Nf6 7. Qe2 exd4 8.
Nxd4 Be7 9. Be3 Bxe4 10. Nxe4 Nxe4 11. Nf5 O-O 12. Qg4 Ng5 13. Nxe7+ Qxe7 14.
Qxg5 f6 15. Qd5+ Qf7 16. O-O-O Qxd5 17. Rxd5 Rae8 18. Rd3 a5 19. Re1 Re5 20. Rc3
c5 21. Rd1 Re6 22. Rcd3 Re5 23. Rxd6 g5 24. Rb6 c4 25. Rxb7 g4 26. Bh6 Rf7 27.
Rb8+ Rf8 28. Rxf8# 1-0

[Event "AUTO-INT-3874"]
[Site "http://www.queenalice.com/game.php?id=1852915"]
[Date "2025.2.26"]
[Round "2"]
[White "Carlos19"]
[Black "scarabeli"]
[Result "0-1"]
[WhiteElo "1629"]
[BlackElo "1869"]

1. e4 c5 2. Bc4 e6 3. d3 d5 4. Bb5+ Bd7 5. Bxd7+ Qxd7 6. e5 Ne7 7. b3 Nbc6 8.
Bf4 Ng6 9. Bg3 Ngxe5 10. Bxe5 Nxe5 11. d4 cxd4 12. Qxd4 Be7 13. Qxe5 Bf6 14. Qe3
Bxa1 15. c3 d4 16. Qc1 Bxc3+ 17. Nxc3 Rc8 18. Nge2 dxc3 19. Nxc3 Qd3 20. Qd2
Qxc3 21. Qxc3 Rxc3 22. f4 Rc1+ 0-1

[Event "Let's Play Chess!"]
[Site "http://www.queenalice.com/game.php?id=1854732"]
[Date "2025.3.30"]
[Round "-"]
[White "igor12345"]
[Black "scarabeli"]
[Result "1-0"]
[WhiteElo "1926"]
[BlackElo "2001"]

1. e4 c5 2. Nf3 d6 3. d4 cxd4 4. Nxd4 Nf6 5. Nc3 a6 6. a4 e5 7. Nf3 h6 8. Bc4
Be6 9. Bxe6 fxe6 10. Nh4 Rg8 11. O-O Nc6 12. g3 g5 13. Nf3 g4 14. Nh4 Qc7 15. f4
gxf3 16. Qxf3 Be7 17. Bxh6 Nd4 18. Qd1 O-O-O 19. Nf3 d5 20. Nxe5 dxe4 21. Bf4
Nf3+ 22. Nxf3 Qxf4 23. Qe2 1-0

[Event "Let's Play Chess!"]
[Site "http://www.queenalice.com/game.php?id=1854733"]
[Date "2025.3.30"]
[Round "-"]
[White "scarabeli"]
[Black "igor12345"]
[Result "0-1"]
[WhiteElo "1982"]
[BlackElo "1945"]

1. e4 c5 2. Nf3 d6 3. d4 cxd4 4. Nxd4 Nf6 5. Nc3 a6 6. h3 e6 7. g4 h6 8. a3 Nc6
9. Be3 Rb8 10. f4 Nxd4 11. Qxd4 b6 12. Bxa6 Bxa6 13. Qa4+ Nd7 14. Qxa6 Nc5 15.
Qb5+ Qd7 16. Qxd7+ Kxd7 17. b4 Na6 18. O-O-O Be7 19. Bd4 Rhg8 20. f5 Bf6 21.
Bxf6 gxf6 22. Nb5 Ke7 0-1

[Event "Let's Play Chess!"]
[Site "http://www.queenalice.com/game.php?id=1854735"]
[Date "2025.3.30"]
[Round "-"]
[White "igor12345"]
[Black "scarabeli"]
[Result "0-1"]
[WhiteElo "1959"]
[BlackElo "2012"]

1. e4 c5 2. Nf3 Nc6 3. d4 cxd4 4. Nxd4 Nf6 5. Nc3 e6 6. Bc4 Qc7 7. Nf3 a6 8. Bb3
b5 9. a3 Bb7 10. O-O Bc5 11. Bg5 h6 12. Bh4 g5 13. Bg3 d6 14. Qd3 O-O-O 15. Rfd1
Kb8 16. Ba2 Nh5 17. b4 Nxg3 18. hxg3 Bb6 19. Ne2 Ne5 20. Nxe5 dxe5 21. Qf3 Qxc2
22. Bb3 Qxe4 23. Qxe4 Bxe4 24. Rac1 Bb7 25. Kf1 h5 26. Ng1 h4 27. g4 Rxd1+ 28.
Rxd1 Rc8 29. Ne2 Bc6 30. Rc1 e4 31. Rd1 Rd8 32. Nc3 Rxd1+ 33. Nxd1 a5 34. Ke2
axb4 35. axb4 Bd4 36. f3 exf3+ 37. gxf3 h3 38. Nf2 h2 39. Nh1 Bc3 40. Kf2 Bxb4
41. Kg2 Bd6 42. Nf2 Ka7 43. Bd1 f5 44. Bc2 fxg4 45. Nxg4 Bxf3+ 0-1

[Event "Let's Play Chess!"]
[Site "http://www.queenalice.com/game.php?id=1854736"]
[Date "2025.3.30"]
[Round "-"]
[White "scarabeli"]
[Black "igor12345"]
[Result "1-0"]
[WhiteElo "1998"]
[BlackElo "1951"]

1. d4 d5 2. c4 c6 3. Nf3 Nf6 4. e3 a6 5. Nbd2 Bg4 6. Qb3 Qc7 7. h3 Be6 8. Qc2 b5
9. cxd5 Bxd5 10. e4 Bc4 11. Nxc4 bxc4 12. e5 Nd5 13. e6 fxe6 14. Bxc4 Nd7 15.
O-O g6 16. Ng5 Qd6 17. Re1 e5 18. dxe5 Nxe5 19. Bxd5 Qxd5 20. Rxe5 Qd6 21. Bf4
Rc8 22. Qb3 Rd8 23. Qf7+ Kd7 24. Ree1 Qf6 25. Red1+ Kc8 26. Rxd8+ Kxd8 27. Rd1+
Kc8 28. Qe8+ 1-0

[Event "AUTO-MASTER-3259"]
[Site "http://www.queenalice.com/game.php?id=1854950"]
[Date "2025.4.3"]
[Round "1"]
[White "scarabeli"]
[Black "Pin"]
[Result "1-0"]
[WhiteElo "1954"]
[BlackElo "1987"]

1. e4 c5 2. Nf3 d6 3. d4 cxd4 4. Nxd4 Nf6 5. Nc3 a6 6. h3 g6 7. Be3 Bg7 8. g4
Nbd7 9. g5 Nh5 10. Be2 Ne5 11. Bxh5 gxh5 12. Qe2 h4 13. O-O-O Bd7 14. Nf5 Bxf5
15. exf5 Rc8 16. f6 exf6 17. gxf6 Qxf6 18. f4 1-0

[Event "AUTO-MASTER-3259"]
[Site "http://www.queenalice.com/game.php?id=1854951"]
[Date "2025.4.3"]
[Round "1"]
[White "Pin"]
[Black "scarabeli"]
[Result "1-0"]
[WhiteElo "1983"]
[BlackElo "1965"]

1. d4 d5 2. Nf3 Nf6 3. Bf4 e6 4. Nc3 a6 5. e3 c5 6. Bd3 c4 7. Be2 b5 8. a3 Bb7
9. h3 Be7 10. O-O O-O 11. Rc1 Nbd7 12. Re1 Nb6 13. Ne5 Ne4 14. Nxe4 dxe4 15. Bf1
f6 16. Ng4 c3 17. b4 e5 18. dxe5 f5 19. Qxd8 Raxd8 20. Nh2 g5 21. Bg3 f4 22.
exf4 gxf4 23. Bxf4 Rxf4 24. Re3 1-0

[Event "AUTO-MASTER-3259"]
[Site "http://www.queenalice.com/game.php?id=1854952"]
[Date "2025.4.3"]
[Round "1"]
[White "scarabeli"]
[Black "hjs50667"]
[Result "0-1"]
[WhiteElo "1950"]
[BlackElo "2334"]

1. e4 e6 2. d4 d5 3. Nc3 Nf6 4. e5 Nfd7 5. f4 c5 6. Be3 Nc6 7. Nf3 Qb6 8. Na4
Qa5+ 9. c3 cxd4 10. b4 Nxb4 11. cxb4 Bxb4+ 12. Bd2 Bxd2+ 13. Nxd2 O-O 14. Bd3 b5
15. Nb2 Nb6 16. O-O Nc4 17. Nbxc4 bxc4 18. Bxh7+ Kxh7 19. Qh5+ Kg8 20. Nf3 f6
21. exf6 Rxf6 22. Ng5 Qd8 23. Qh7+ Kf8 24. Qh8+ Ke7 25. Qxg7+ Kd6 0-1

[Event "AUTO-MASTER-3259"]
[Site "http://www.queenalice.com/game.php?id=1854953"]
[Date "2025.4.3"]
[Round "1"]
[White "hjs50667"]
[Black "scarabeli"]
[Result "0-1"]
[WhiteElo "2337"]
[BlackElo "1971"]

1. e4 c5 2. Be2 Nc6 3. f4 d5 4. d3 e6 5. Nf3 Bd6 6. O-O Nge7 7. c3 O-O 8. Na3 f6
9. Qe1 a6 10. Nc2 Qc7 11. g3 b5 12. Be3 e5 13. f5 Bb7 14. g4 Na5 15. Nd2 c4 16.
dxc4 Nxc4 17. Nxc4 bxc4 18. Bf2 Kh8 19. Ne3 Rad8 20. exd5 Nxd5 21. Nxd5 Bxd5 22.
Be3 Ba8 23. Rd1 Qb7 24. Qg3 Qxb2 25. Bxc4 Qxc3 26. Be6 Bc5 27. Bxc5 Qxc5+ 0-1

[Event "Let's Play Chess!"]
[Site "http://www.queenalice.com/game.php?id=1860429"]
[Date "2025.7.23"]
[Round "-"]
[White "scarabeli"]
[Black "WoodpusherKid"]
[Result "1/2-1/2"]
[WhiteElo "2019"]
[BlackElo "2507"]

1. d4 d5 2. c4 e6 3. Nc3 Bb4 4. Nf3 Nf6 5. Bg5 h6 6. Bxf6 Bxc3+ 7. bxc3 Qxf6 8.
e3 O-O 9. cxd5 exd5 10. Qb3 Rd8 11. c4 c5 12. cxd5 Bg4 13. Be2 cxd4 14. Nxd4
Bxe2 15. Kxe2 Qg6 16. h3 Qxg2 17. Qxb7 Nd7 18. Rag1 Qe4 19. f3 Qe8 20. Qb2 Ne5
21. f4 Rab8 22. Qc3 Ng6 23. Nc6 Rxd5 24. Nxb8 Nxf4+ 25. Kf2 Nd3+ 26. Ke2 Nf4+
27. Kf2 Nd3+ 28. Ke2 1/2-1/2

[Event "Let's Play Chess!"]
[Site "http://www.queenalice.com/game.php?id=1860430"]
[Date "2025.7.23"]
[Round "-"]
[White "WoodpusherKid"]
[Black "scarabeli"]
[Result "1/2-1/2"]
[WhiteElo "2557"]
[BlackElo "2033"]

1. g3 d5 2. Bg2 Nf6 3. d4 c6 4. Nf3 Bf5 5. Nh4 Be4 6. f3 Bg6 7. O-O Nbd7 8. c3
e5 9. e4 dxe4 10. fxe4 Bh5 11. Qb3 Qb6 12. Nd2 exd4 13. Qxb6 axb6 14. cxd4 Bg4
15. Re1 Kd8 16. a3 b5 17. Nb3 Be6 18. d5 cxd5 19. exd5 Bxd5 20. Bxd5 Nxd5 21.
Rd1 N5b6 22. Bf4 f6 23. Nf5 g6 24. Nd6 Bxd6 25. Bxd6 Nc4 26. Bb4 Ke8 27. Rd5
Nde5 28. Rxb5 b6 29. Rf1 Kf7 30. Nd2 Nxd2 31. Bxd2 Nd7 32. Bb4 Rhe8 33. Rd5 Ra7
34. Rd6 Rb7 35. Re1 Ne5 36. Red1 h5 37. Bc3 Re6 38. a4 g5 39. Rxe6 Kxe6 40. Kf1
Ra7 41. Ra1 Rc7 42. Rd1 Ra7 43. Rd4 Nc6 44. Rc4 Kd5 45. b3 Rb7 46. Be1 b5 47.
Rc1 bxa4 48. Rd1+ Ke4 49. bxa4 Rb2 50. h3 Ra2 51. Rd6 Ne5 52. Rxf6 Rxa4 53. Rh6
Ra1 54. Ke2 Ra2+ 55. Kf1 Rh2 56. Bf2 Rxh3 57. Re6 Kf5 58. Ra6 Rh2 1/2-1/2